| 000 | 01244cam a2200361 4500 | ||
|---|---|---|---|
| 999 |
_c29176 _d29147 |
||
| 001 | 11892928 | ||
| 003 | EG-ScBUE | ||
| 005 | 20210614094853.0 | ||
| 008 | 140305s2014 ts f b 001 0deng d | ||
| 020 | _a9789948146308 (pbk.) | ||
| 020 | _a9789948146315 (hardback) | ||
| 035 | _a(NhCcYBP)co7297628 | ||
| 040 |
_aNhCcYBP _beng _erda _cNhCcYBP _dEG-ScBUE |
||
| 082 | 0 | 4 |
_a302.30285 _bSUW _222 |
| 100 | 1 |
_aSuwaidi, Jamal S., _eauthor. |
|
| 245 | 1 | 0 |
_aFrom tribe to Facebook : _bthe transformational role of social networks / _cJamal Sanad Al-Suwaidi. |
| 264 | 1 |
_aAbu Dhabi : _bThe Emirates Center for Strategic Studies and Research, _c2014. |
|
| 300 |
_a165 pages ; _c21 cm. + _e1 disc |
||
| 336 |
_2rdacontent _atext _btxt |
||
| 336 |
_2rdacontent _asounds _bsnd |
||
| 337 |
_2rdamedia _aunmediated _bn |
||
| 337 |
_2rdamedia _aaudio _bs |
||
| 338 |
_2rdacarrier _avolume _bnc |
||
| 338 |
_2rdacarrier _aaudio disc _bsd |
||
| 504 | _aIncludes bibliographical references and index. | ||
| 650 | 7 |
_aInternet _xSocial aspects. _2BUEsh |
|
| 653 |
_bCOMSCI _cJune2021 |
||
| 655 |
_vReading book _934232 |
||
| 710 | 2 | _aThe Emirates Center for Strategic Studies and Research. | |
| 942 |
_2ddc _cBB |
||
| 960 | _a39002110417715 | ||
| 987 | _cON ORDER | ||